| 000 | 00386nam a2200145Ia 4500 | ||
|---|---|---|---|
| 008 | 230711s9999||||xx |||||||||||||| ||und|| | ||
| 041 | _aENG | ||
| 082 |
_a658 _bWR-P |
||
| 100 | _aWright,Chrissie | ||
| 245 | 0 | _aHandbook of practical communication skills | |
| 250 | _a1st . Ed. | ||
| 260 |
_c1999 _aNew Delhi _bJaico Books Publishing House |
||
| 650 | _aCOMMUNICATION SKILL | ||
| 942 | _cBK | ||
| 999 |
_c3804 _d3804 |
||